National Operational amplifiers databook (Record no. 60791)

000 -LEADER
fixed length control field 00496nam a22001697a 4500
003 - CONTROL NUMBER IDENTIFIER
control field NUST-PNEC
005 - DATE AND TIME OF LATEST TRANSACTION
control field 20170116180707.0
008 - FIXED-LENGTH DATA ELEMENTS--GENERAL INFORMATION
fixed length control field 140929b xxu||||| |||| 00| 0 eng d
040 ## - CATALOGING SOURCE
Transcribing agency PNEC
082 ## - DEWEY DECIMAL CLASSIFICATION NUMBER
Classification number 621.38152 NAT
100 ## - MAIN ENTRY--PERSONAL NAME
9 (RLIN) 403
Personal name National Semiconductor
245 ## - TITLE STATEMENT
Title National Operational amplifiers databook
Statement of responsibility, etc. National Semiconductor
260 ## - PUBLICATION, DISTRIBUTION, ETC.
Place of publication, distribution, etc. California
Name of publisher, distributor, etc. National Semiconductor Corporation
300 ## - PHYSICAL DESCRIPTION
Extent xxx, (various paging).
Other physical details ill. :
Dimensions 23 cm.
650 ## - SUBJECT ADDED ENTRY--TOPICAL TERM
General subdivision EE, EL
942 ## - ADDED ENTRY ELEMENTS (KOHA)
Source of classification or shelving scheme
Koha item type Book
Holdings
Withdrawn status Lost status Source of classification or shelving scheme Damaged status Not for loan Permanent Location Current Location Shelving location Date acquired Source of acquisition Total Checkouts Full call number Barcode Date last seen Price effective from Koha item type
          Pakistan Navy Engineering College (PNEC) Pakistan Navy Engineering College (PNEC) Reference 09/29/2014 Donated   621.38152 NAT PNECLIB-030035 09/29/2014 09/29/2014 Book
          Pakistan Navy Engineering College (PNEC) Pakistan Navy Engineering College (PNEC) Reference 09/29/2014 Donated   621.38152 NAT PNECLIB-030027 09/29/2014 09/29/2014 Book
© 2023 Central Library, National University of Sciences and Technology. All Rights Reserved.